| Tag |
First Indicator |
Second Indicator |
Subfields |
| LEADER |
00000cam a2200000 i 4500 |
| 001 |
in00000046040 |
| 005 |
20151007065305.0 |
| 008 |
751118s1951 nyua b 00110 eng d |
| 035 |
|
|
|a (OCoLC)01841747
|
| 035 |
|
|
|9 AAE1691AM
|
| 040 |
|
|
|a GAT
|c GAT
|d TXA
|d UtOrBLW
|
| 049 |
|
|
|a TXAM
|c 1 [423618]
|
| 090 |
|
|
|a QC243
|b .V5 1951
|
| 092 |
|
|
|a 534
|b V691u
|
| 100 |
1 |
|
|a Vigoureux, Paul,
|d 1903-
|
| 245 |
1 |
0 |
|a Ultrasonics.
|
| 264 |
|
1 |
|a New York :
|b Wiley,
|c 1951.
|
| 300 |
|
|
|a vi, 163 pages :
|b illustrations ;
|c 26 cm.
|
| 336 |
|
|
|a text
|b txt
|2 rdacontent
|
| 337 |
|
|
|a unmediated
|b n
|2 rdamedia
|
| 338 |
|
|
|a volume
|b nc
|2 rdacarrier
|
| 504 |
|
|
|a Bibliography: pages 145-157.
|
| 650 |
|
0 |
|a Ultrasonics.
|
| 999 |
|
|
|a MARS
|
| 999 |
f |
f |
|s 60a7ded5-a859-39a1-bef4-f546b1d7e35f
|i 9528907c-2f3c-32b3-be22-07d3480b01da
|t 0
|
| 952 |
f |
f |
|p normal
|a Texas A&M University
|b College Station
|c Sterling C. Evans Library
|d Evans: Library Stacks
|t 0
|e QC243 .V5 1951
|h Library of Congress classification
|i unmediated -- volume
|m A14800915935
|
| 998 |
f |
f |
|a QC243 .V5 1951
|t 0
|l Evans: Library Stacks
|